Pohotovostní motorizovaná jednotka Praha : 1956-2016 /

Main Author: Herzán, Martin, 1978-
Language: Czech
Published: Praha : PČR - Pohotovostní motorizovaná jednotka, 2016
Edition: Vydání: 1.
Subjects:
Physical Description: 192 stran : ilustrace (převážně barevné), portréty, faksimile ; 31 cm + 1 CD audio
Book
Saved in:
LEADER 02635nam a2200661 i 4500
001 nkc20162796194
003 CZ PrNK
005 20160826085719.0
007 ta
008 160505s2016 xr ach e 000 0 cze
015 |a cnb002796194 
020 |a 978-80-260-9824-9  |q (vázáno) :  |c neprodejné 
035 |a (OCoLC)958227869 
040 |a BOA001  |b cze  |e rda 
043 |a e-xr---  |b e-xr-pg  |2 czenas 
045 |a x5y1 
072 7 |a 351  |x Úkoly veřejné správy, správní opatření, legislativa  |2 Konspekt  |9 15 
080 |a 351.74/.76+614.842  |2 MRF 
080 |a 351.74  |2 MRF 
080 |a 351.74(091)  |2 MRF 
080 |a (437.311)  |2 MRF 
080 |a (084.12)  |2 MRF 
080 |a (082.2)  |2 MRF 
100 1 |a Herzán, Martin,  |d 1978-  |7 jo20010083049  |4 aut 
245 1 0 |a Pohotovostní motorizovaná jednotka Praha :  |b 1956-2016 /  |c Martin Herzán 
246 1 8 |a Pohotovostní motorizovaná jednotka 
250 |a Vydání: 1. 
264 1 |a Praha :  |b PČR - Pohotovostní motorizovaná jednotka,  |c 2016 
300 |a 192 stran :  |b ilustrace (převážně barevné), portréty, faksimile ;  |c 31 cm +  |e 1 CD audio 
336 |a text  |b txt  |2 rdacontent 
336 |a mluvené slovo  |b spw  |2 rdacontent 
337 |a bez média  |b n  |2 rdamedia 
337 |a audio  |b s  |2 rdamedia 
338 |a svazek  |b nc  |2 rdacarrier 
338 |a audiodisk  |b sd  |2 rdacarrier 
500 |a 750 výtisků 
504 |a Obsahuje bibliografii 
610 1 7 |a Česko.  |b Policie.  |b Krajské ředitelství hlavního města Prahy.  |b Pohotovostní motorizovaná jednotka.  |7 mzk2016924185  |2 czenas 
648 7 |a 20.-21. století  |7 ch462155  |2 czenas 
648 4 |a 1956-2016 
650 0 7 |a bezpečnostní sbory  |7 ph394383  |z Česko  |y 20.-21. století  |2 czenas 
650 0 7 |a policie  |7 ph124228  |z Česko  |y 20.-21. století  |2 czenas 
650 0 7 |a dějiny policie  |7 ph489107  |z Česko  |y 20.-21. století  |2 czenas 
650 0 9 |a safety forces  |z Czechia  |y 20th-21st centuries  |2 eczenas 
650 0 9 |a police  |z Czechia  |y 20th-21st centuries  |2 eczenas 
650 0 9 |a history of police  |z Czechia  |y 20th-21st centuries  |2 eczenas 
651 7 |a Praha (Česko)  |7 ge118011  |2 czenas 
651 9 |a Prague (Czechia)  |2 eczenas 
655 7 |a fotografické publikace  |7 fd132276  |2 czenas 
655 7 |a jubilejní publikace  |7 fd131839  |2 czenas 
655 9 |a photographical works  |2 eczenas 
655 9 |a jubilee books  |2 eczenas 
910 2 |a BOA001  |b 4-1373.187 
928 9 |a Policie České republiky - Pohotovostní motorizovaná jednotka 
990 |a BK 
995 |a 01 
991 |b 201608  |c NOV 
996 6 |b 2610679463  |c 4-1373.187  |l MZK  |r Sklad / do 1 hodiny  |n 2  |p p.v.  |w 001574704  |u 000010  |a 1  |e BOA001  |j MZK50  |s P